Nati Due Volte
שמור ב:
| מחבר ראשי: | |
|---|---|
| פורמט: | ספר |
| שפה: | שפה לא ידועה |
| יצא לאור: |
Oscar Mondatori
|
| תגים: |
אין תגיות, היה/י הראשונ/ה לתייג את הרשומה!
|
MARC
| LEADER | 00000nam a2200000Ia 4500 | ||
|---|---|---|---|
| 001 | R-439 | ||
| 003 | CODICE-MESSINA | ||
| 005 | 20260212102451.0 | ||
| 008 | 260211s9999 xx 000 0 und d | ||
| 040 | |c importazione_messina | ||
| 100 | |a Giuseppe Pontiggia | ||
| 245 | 0 | |a Nati Due Volte | |
| 260 | |b Oscar Mondatori | ||
| 942 | |2 ddc |c BK | ||
| 952 | |0 0 |1 0 |2 ddc |4 0 |6 SCAFFALE_4_000000000000000__ROMANZI |7 0 |9 31259 |a ME |b ME |d 2026-02-11 |l 0 |o SCAFFALE 4 - ROMANZI |p R-439 |r 2026-02-11 23:52:26 |w 2026-02-11 |x [REVISIONARE] |y BK | ||
| 999 | |c 26923 |d 26923 | ||